000
00252nam a2200097Ia 4500
001
645979
005
20250826153634.0
008
250824s9999 xx 000 0 und d
245
0
_a
SESSİZ ÇAYIR IN UYUYANLARI
_c
MEHMET BALTAOĞLU
260
_b
GENÇ TİMAŞ
999
_c
645979
_d
645979